Top 10 krajów z największa ilością wysp - Statystyki

Ogólne statystyki
  • Ten quiz został rozwiązany 34 razy
  • Średni wynik to 7 z 10
Statystyki odpowiedzi
Odpowiedź % Poprawnych
USA
97%
Kanada
94%
Japonia
91%
Norwegia
88%
Szwecja
88%
Australia
78%
Finlandia
78%
Filipiny
63%
Chile
44%
Indonesia
0%
Nie znaleziono quizów pasujących do podanych kryteriów
Rozkład punktacji
Procent ludzi z każdym wynikiem
Percentyl według liczby udzielonych odpowiedzi
Twoja historia wyników
Nie rozwiązałeś tego quizu